ბათუმის შოთა რუსთაველის სახელმწიფო უნივერსიტეტის ბიბლიოთეკა

ფსიქიატრია : (ბიბ.ჩანაწერი № 62643)

000 -ლიდერი
ფიქსირებული სიგრძის საკონტროლო ველი 00753nam a22001817a 4500
003 - საკონტროლო ნომრის იდენტიფიკატორი
საკონტროლო ველი Ge_BSU
005 - ბოლო ოპერაციის თარიღი და დრო
საკონტროლო ველი 20241227104037.0
008 - ფიქსირებული სიგრძის მონაცემთა ელემენტები - ზოგადი ინფორმაცია
ფიქსირებული სიგრძის საკონტროლო ველი 241227s1955 ge ||||| |||| 00| 0 geo d
041 ## - ენის კოდი
Language code of text/sound track or separate title geo
080 ## - უნივერსალური ათობითი კლასიფიკაციის ინდექსი
Universal Decimal Classification number 616.89(075.32) ნ-21
100 ## - მთავარი ჩანაწერი - პიროვნების სახელი
Personal name ნაკაშიძე, ე.
9 (RLIN) 17092
245 ## - ცნობა სათაურის შესახებ
Title ფსიქიატრია :
Remainder of title სახელმძღვ. სამედ. სასწ. /
Statement of responsibility, etc ე. ნაკაშიძე, ი. ყუბანეიშვილი.
264 ## - წარმოების, გამოცემის, დისტრიბუციის და სხვა ცნობები
გამოცემის, წარმოების, დისტრიბუციის... ადგილი თბ. :
გამოცემის, წარმოების, დისტრიბუციის... სახელწოდება საქმედგამი,
გამოცემის, წარმოების, დისტრიბუციის... თარიღი 1955.
300 ## - ფიზიკური აღწერა
Extent 232 გვ. :
Other physical details ილ. ;
Dimensions 21 სმ.
653 ## - INDEX TERM--UNCONTROLLED
Uncontrolled term ფსიქიატრია
700 ## - ADDED ENTRY--PERSONAL NAME
Personal name ყუბანეიშვილი, ი.
Relator term ავტორია
9 (RLIN) 24032
942 ## - ADDED ENTRY ELEMENTS (KOHA)
Source of classification or shelving scheme
Koha item type წიგნი
ეგზემპლარები
ჩამოწერის სტატუსი დაკარგული ეგზემპლარის სტატუსი კლასიფიკაციის წყარო ან თაროზე გაწყობის სქემა დაზიანების სტატუსი არ გაიცემა მუდმივი მდებარეობა (დაცვის ადგილი) ამჟამინდელი ადგილსამყოფელი თაროზე განთავსების ადგილი შეძენის თარიღი ღირებულება, შესყიდვის ნორმალური ფასი სრული შენახვის შიფრი შტრიხკოდი ბოლო ოპერაციის თარიღი ეგზემპლარის მიმდევრობითი ნომერი (კეტერი?) ფასის ძალაში შესვლის თარიღი ეგზემპლარის სახეობა საჯარო შენიშვნა
          ბათუმის შოთა რუსთაველის სახელმწიფო უნივერსიტეტის მთავარი ბიბლიოთეკა ბათუმის შოთა რუსთაველის სახელმწიფო უნივერსიტეტის მთავარი ბიბლიოთეკა წიგნსაცავი 2024-12-27 1.04 616.89(075.32) ნ-21 70118 2024-12-27 70118 2024-12-27 წიგნი 1 ლ. 04 თ.
          ბათუმის შოთა რუსთაველის სახელმწიფო უნივერსიტეტის მთავარი ბიბლიოთეკა ბათუმის შოთა რუსთაველის სახელმწიფო უნივერსიტეტის მთავარი ბიბლიოთეკა წიგნსაცავი 2024-12-27 1.04 616.89(075.32) ნ-21 70119 2024-12-27 70119 2024-12-27 წიგნი 1 ლ. 04 თ.
          ბათუმის შოთა რუსთაველის სახელმწიფო უნივერსიტეტის მთავარი ბიბლიოთეკა ბათუმის შოთა რუსთაველის სახელმწიფო უნივერსიტეტის მთავარი ბიბლიოთეკა წიგნსაცავი 2024-12-27 1.04 616.89(075.32) ნ-21 70120 2024-12-27 70120 2024-12-27 წიგნი 1 ლ. 04 თ.
          ბათუმის შოთა რუსთაველის სახელმწიფო უნივერსიტეტის მთავარი ბიბლიოთეკა ბათუმის შოთა რუსთაველის სახელმწიფო უნივერსიტეტის მთავარი ბიბლიოთეკა წიგნსაცავი 2024-12-27 1.04 616.89(075.32) ნ-21 70121 2024-12-27 70121 2024-12-27 წიგნი 1 ლ. 04 თ.
          ბათუმის შოთა რუსთაველის სახელმწიფო უნივერსიტეტის მთავარი ბიბლიოთეკა ბათუმის შოთა რუსთაველის სახელმწიფო უნივერსიტეტის მთავარი ბიბლიოთეკა წიგნსაცავი 2024-12-27 1.04 616.89(075.32) ნ-21 70122 2024-12-27 70122 2024-12-27 წიგნი 1 ლ. 04 თ.